000 00548nam a2200205 a 4500
001 70693
003 BD-RjUL
005 20211209082029.0
008 170419s1983 ii a 000 0 eng d
035 _a(BD-RjUL)70907
040 _aDLC
_cCarP
_dDLC
_beng
041 _aeng
082 _223
_a530
_bMIT 1983
100 _aMisra, Patitpaban
_9209239
245 0 2 _aA text-book of physics /
_cMisra, Patitpaban
260 _aNew Delhi :
_bVikas pub,
_c1983.
300 _axvi, 528 p. :
_bill. ;
_c22 cm.
650 0 _aPhysics.
_9209240
942 _2ddc
_cBK
999 _c70693
_d70693